000 00907cab a2200277 4500
001 ABS60026
008 090401t1999 xxu||||| |||| 00| 0 eng d
035 _a(Sirsi) u90725
041 _aeng
100 _aRidley, M.
245 _aProperty advisers slip into the supply chain
260 _c1999
350 _a0
490 _aProperty Week
_v64(1) 8 January 1999, 24(1)
520 _aDiscusses recent developments in the procurement strategy of the Ministry of Defence, and looks at what these changes might mean for professional consultancy services.
650 _aCONSTRUCTION PROCUREMENT
650 _aCOST REDUCTION
650 _aDEFENCE ESTATE
650 _aMINISTRY OF DEFENCE
650 _aProcurement-old
650 _aPROFESSIONAL SERVICES
650 _aPROPERTY ADVISORS
690 _aMANAGEMENT-BUSINESS MANAGEMENT-PROFESSIONAL PRACTICE
942 _n0
948 _c15/01/1999
999 _c57529
_d57529